| 000 | 00979nam a2200277 i 4500 | ||
|---|---|---|---|
| 003 | EG-ScBUE | ||
| 005 | 20260426084806.0 | ||
| 008 | 121010t2011 maua f 000 0 eng d | ||
| 020 | _a0321695291 | ||
| 020 | _a9780321695291 | ||
| 040 |
_aEG-ScBUE _beng _erda _cEG-ScBUE _dEG-ScBUE |
||
| 082 | 0 | 4 |
_222 _a542 _bTIM |
| 100 | 1 |
_aTimberlake, Karen, _eauthor. _918366 |
|
| 245 | 1 | 0 |
_aLaboratory manual for general, organic and biological chemistry / _cKaren C. Timberlake, Los Angeles Valley College ; with significant contribution from Gary Burce Ohlone College. |
| 250 | _aSecond edition. | ||
| 264 | 1 |
_aBoston, MA : _bPrentice Hall, _c[2011] |
|
| 264 | 4 | _cc2011 | |
| 300 |
_a xxii, 503 pages : _billustrations ; _c28 cm |
||
| 336 |
_2rdacontent _atext _btxt |
||
| 337 |
_aunmediated _2rdamedia _bn |
||
| 338 |
_avolume _bnc _2rdacarrier |
||
| 650 | 7 |
_aChemistry _xExperiments. _2BUEsh _931104 |
|
| 655 | _vReading book | ||
| 700 | 1 |
_aBurce, Gary, _econtributor. |
|
| 942 |
_2ddc _cBB |
||
| 999 |
_c17071 _d17043 |
||